| 000 | 00956nam a22002417a 4500 | ||
|---|---|---|---|
| 001 | 47004 | ||
| 003 | BD-RjUL | ||
| 005 | 20211209054238.0 | ||
| 008 | 160806s20001995ii ||||| |||| 00| 0 ben d | ||
| 020 |
_a8187487089 _c: IRs 150.00 |
||
| 035 | _a(BD-RjUL)47123 | ||
| 040 |
_aBD-RjUL _bben _cBD-RjUL |
||
| 041 | _aben | ||
| 082 |
_223 _a302 _bCHU 1995 |
||
| 100 |
_aচট্রোপাধ্যায়, অশোক _9143160 |
||
| 245 | 1 | 0 |
_aউনিশ শতকের সামাজিক আন্দোলন ও কাঙাল হরিনাথ / _cঅশোক চট্রোপাধ্যায় |
| 250 | _a১ম উবুদশ সং. | ||
| 260 |
_aকলিকাতা : _bউকুদশ, _c১৯৯৫ |
||
| 300 |
_a[১০], ২৮৬ পৃ. : _bচিত্র ; _c২১ সেমি. |
||
| 650 |
_aসামাজিক আন্দোলন _9124276 |
||
| 650 |
_aSocial interaction _9125464 |
||
| 942 |
_2ddc _cBK |
||
| 999 |
_c47004 _d47004 |
||